000 00210nam a2200085Ia 4500
245 0 _aSuper sandwiches
100 _a ONG YVONNE Singapore, 2009
942 _cBK
008 210819s9999 xx 000 0 und d
999 _c311009
_d311009